An introduction to multiagent systems / (رقم التسجيلة. 79393)

تفاصيل مارك
000 -الفاتح
حقل البيانات ثابتة الطول 00879cam a22002654a 4500
001 - رقم الضبط
رقم الضبط 246887666
003 - محدد رقم الضبط
رقم الضبط OCoLC
005 - وقت وتاريخ اخر تعامل مع التسجيلة
رقم الضبط 20210304183403.0
008 - عناصر البيانات ثابتة الطول - معلومات عامة
حقل البيانات ثابتة الطول 090130s2009 enka b 001 0 eng
010 ## - رقم ضبط مكتبة الكونجرس
رقم ضبط مكتبة الكونجرس 2009004188
020 ## - الرقم الدولى المعيارى للكتب
الرقم الدولى المعيارى للكتاب 9780470519462 (pbk.)
020 ## - الرقم الدولى المعيارى للكتب
الرقم الدولى المعيارى للكتاب 0470519460 (pbk.)
040 ## - مصدر الفهرسة
وكالة الفهرسة الأصلية DLC
وكالة النسخ DLC
وكالة التعديل BTCTA
-- YDXCP
-- BWKUK
-- BWX
-- BWK
-- CDX
-- NLGGC
-- VP@
050 00 - رقم طلب مكتبة الكونجرس
رقم التصنيف QA76.76.I58
رقم المادة W65 2009
050 00 - رقم طلب مكتبة الكونجرس
رقم التصنيف QA76.76.I58
رقم المادة W65 2009
082 #4 - رقم تصنيف ديوى العشرى
رقم التصنيف 004
رقم الطبعة 22
رقم المادة WMI
100 1# - المدخل الرئيسى - إسم شخصى
الإسم الشخصى Wooldridge, Michael J.,
التواريخ المصاحبة للاسم 1966-
9 (RLIN) 88247
245 13 - بيان العنوان
العنوان An introduction to multiagent systems /
بيان المسئوليه,etc Michael Wooldridge
250 ## - بيان الطبعة
بيان الطبعة 2nd ed
260 ## - PUBLICATION, DISTRIBUTION, ETC. (IMPRINT)
مكان الناشر او الموزع Chichester, U.K. :
اسم الناشر او الموزع John Wiley & Sons,
تاريخ النشر أو التوزيع 2009
300 ## - الوصف المادى
التعداد xxii, 461 p. :
تفاصيل ماديه اخرى للوعاء ill. ;
أبعاد الوعاء 24 cm
504 ## - تبصرة ببليوجرافية
تبصرة ببليوجرافية,الخ Includes bibliographical references (p. [425]-451) and index
650 #0 - المدخل الاضافى بالموضوع-مصطلح موضوعى
مصطلح موضوعي أو اسم جغرافي كعنصر مدخل Intelligent agents (Computer software)
9 (RLIN) 88248
942 ## - عناصر المدخل الإضافي( كوها)
مصدر التصنيف او مخطط الترفيف Dewey Decimal Classification
Koha [default] item type كتاب
المقتنيات
حالة الفقد نموذج السعر الفعال حالة تلف ليس للاعارة رقم الطلب تاريخ الاكتساب الموقع الحالي الباركود الفرع الرئيسي Date last seen نوع المادة فى نظام كوها مصدر التصنيف او خطة الترفيف Total Checkouts
  2021-03-04     004 WMI 2021-03-04 المكتبة المركزية بالمجمعة (CL) 00167086 المكتبة المركزية بالمجمعة (CL) 2021-03-04 كتاب Dewey Decimal Classification  
  2021-03-04     004 WMI 2021-03-04 المكتبة المركزية بالمجمعة (CL) 00167087 المكتبة المركزية بالمجمعة (CL) 2021-03-04 كتاب Dewey Decimal Classification  
  2021-03-04     004 WMI 2021-03-04 المكتبة المركزية بالمجمعة (CL) 00167088 المكتبة المركزية بالمجمعة (CL) 2021-03-04 كتاب Dewey Decimal Classification